000 01060nam a2200205Ia 4500
003 Ost
005 20260507075632.0
008 260507s9999||||xx |||||||||||||| ||und||
020 _a5116015977
040 _cfsecg
041 _aara
082 _a337.01
100 _aسلطح، فضل الله محمد
_eمؤلف
245 0 _aالعولمة السياسية :
_bانعكاساتها وكيفية التعامل معها /
_c فضل الله محمد سلطح
260 _aالاسكندرية:
_bمكتبة بستان المعرفة,
_c2002
300 _a164 صفحة؛
_c21 سم
520 _aفي هذا الكتاب : مفهوم العولمة، هل للعولمة أصول تارخية في الفكر الفلسفي، هل للعولمة إنعكاسات على دول العالم الثالث، دور الأمم المتحدة في ظل نظام العولمة ،خاتمة توضح إلقاء الضوء على خطورة العولمة وكيفية التعامل معها
653 _aالعولمة -التاريخ
942 _cكتاب
999 _c45234
_d45234